เปลี่ยนเป็นภาษาไทย

Change to English
 แสดงรายละเอียดบรรณานุกรม
  กลับหน้าหลัก
ห้องสมุดโรงเรียนพะเยาพิทยาคม...ยินดีต้อนรับ...ทุกท่านเข้าสู่ระบบห้องสมุดอัตโนมัติ

Brief Record : Get Marc (ISO 2709) : E-mail record : QR code ปิดหน้าต่าง
หนังสืออ้างอิง : เกี่ยวกับ Collections
LEADER 00000nam 2200000uu 4500
001    13399109653
003     ULIBM
008    120127s||||||||th 000 0 tha d
082 0  ^a343.071^bส215ค
100 0  ^aสำนักงานอัยการพิเศษฝ่ายคุ้มครองผู้บริโภค
245 00 ^aความรู้ด้านคุ้มครองผู้บริโภค(ฉบับประชาชน) ./^cโดย สำนักงานอัยการพิเศษฝ่ายคุ้มครองผู้บริโภค
260    ^aพิมพ์ครั้งที่ 1. ^bกรุงเทพฯ: ^cอรุณการพิมพ์ ^dมปป.
300    ^a246หน้า: ^bภาพประกอบ; ^c26 ซม.
650  0 ^aการคุ้มครองผู้บริโภค
945    ^p0^l0^i38221
999    ^aกันยา
 
คุณยังไม่ได้ล็อกอิน คุณสามารถมีกิจกรรมร่วมกับเว็บไซต์ได้ แต่ต้องล็อกอินก่อน ::
  ล็อกอิน
ลำดับที่ ประเภท เลขเรียก/บาร์โค้ด สถานที่ สถานะ
1. หนังสือ
หนังสือ
343.071 ส215ค ฉ.1 
  Barcode: 38221
ห้องสมุด
►หนังสือทั่วไป
On Shelf
  ขอยืม
2. หนังสือ
หนังสือ
343.071 ส215ค ฉ.2 
  Barcode: 38222
ห้องสมุด
►หนังสือทั่วไป
On Shelf
  ขอยืม
3. หนังสือ
หนังสือ
343.071 ส215ค ฉ.3 
  Barcode: 38223
ห้องสมุด
►หนังสือทั่วไป
On Shelf
  ขอยืม
4. หนังสือ
หนังสือ
343.071 ส215ค ฉ.4 
  Barcode: 38224
ห้องสมุด
►หนังสือทั่วไป
On Shelf
  ขอยืม
5. หนังสือ
หนังสือ
343.071 ส215ค ฉ.5 
  Barcode: 38225
ห้องสมุด
►หนังสือทั่วไป
On Shelf
  ขอยืม
   [แสดง 5/5 รายการ]

หนังสือดีน่าอ่าน


“ดั่งดวงแก้ว ส่องสว่าง ทางสายงาม”


จัดทำขึ้นเพื่อเฉลิมพระเกียรติ สมเด็จพระเทพรัตนราชสุดา ฯ สยามบรมราชกุมารี 
เนื่องในโอกาสมหามงคลเฉลิมพระชนมพรรษา ๕ รอบ ๒ เมษายน ๒๕๕๘ 

โดยหนังสือเล่มนี้ได้รวบรวม ๖๐ พระอัจฉริยภาพของสมเด็จพระเทพ ฯ 
ผู้อ่านจะได้รับแรงบันดาลใจให้พากเพียรเรียนรู้และขยันอดทนทำการงาน
ตามรอยเบื้องพระยุคลบาท เพราะพระองค์ทรงเป็นแบบอย่างอันดีเยี่ยมในทุกด้าน 

ทั้งในความใฝ่รู้ใฝ่เรียน คุณธรรมจริยธรรม พระวิริยอุตสาหะในการทรงงาน 
และอื่นๆอีกมากมาย ล้วนสามารถสร้างแรงบันดาลใจให้แก่เด็กและเยาวชน

อีกทั้งประชาชนทั่วไป ให้พากเพียรเรียนรู้และขยันอดทนทำการงานตามรอยพระยุคลบาท 
เพื่อฝึกฝนตนเองให้เป็นคนดีคนเก่งของครอบครัวและสังคมต่อไป



แสดงความเห็นเกี่ยวกับหนังสือเล่มนี้


ยังไม่เคยถูกคอมเมนท์

คอมเมนท์ทรัพยากรรายการนี้
  คอมเมนท์: ความรู้ด้านคุ้มค..

 
 
 

 

ห้องสมุดเฉลิมพระเกียรติกาญจนาภิเษก  โรงเรียนพะเยาพิทยาคม อำเภอเมือง จังหวัดพะเยา 56000

 E-mail  : Library_ppk@windowslive.com     Library Phayaopittayakom 05-4431-275 ต่อ 4621


 Union Library Management : ULibM
Copyright 2026. All Rights Reserved.